Catálogo

Vista normal Vista MARC

Entrada Personal Name

Número de registros utilizados en: 2

001 - CONTROL NUMBER

  • control field: 17661

003 - CONTROL NUMBER IDENTIFIER

  • control field: DLC

005 - DATE AND TIME OF LATEST TRANSACTION

  • control field: 20260504100043.0

008 - FIXED-LENGTH DATA ELEMENTS

  • fixed length control field: 021216n| azannaabn a aaa c

010 ## - LIBRARY OF CONGRESS CONTROL NUMBER

  • LC control number: no2002113485

024 7# - OTHER STANDARD IDENTIFIER

  • Standard number or code: 0000000114929580
  • Source of number or code: isni

035 ## - SYSTEM CONTROL NUMBER

  • System control number: (OCoLC)oca05934521

040 ## - CATALOGING SOURCE

  • Original cataloging agency: AzTeS
  • Language of cataloging: spa
  • Description conventions: rda
  • Transcribing agency: Mx-PuUPA
  • Modifying agency: DLC
  • Modifying agency: UUML
  • Modifying agency: InU
  • Modifying agency: NL-TiUL
  • Modifying agency: Mx-PuUPA

046 ## - SPECIAL CODED DATES

  • Birth date: 19750521
  • Source of date scheme: edtf

100 1# - HEADING--PERSONAL NAME

  • Personal name: Coeckelbergh, Mark,
  • Dates associated with a name: 1975-

370 ## - ASSOCIATED PLACE

  • Place of birth: Leuven (Bélgica)
  • Associated country: Bélgica
  • Place of residence/headquarters: Bélgica
  • Place of residence/headquarters: Gran Bretaña
  • Place of residence/headquarters: Países Bajos
  • Place of residence/headquarters: Austria
  • Other associated place: Vienna (Austria)
  • Other associated place: Leicester (Inglaterra)
  • Other associated place: Birmingham (Inglaterra)
  • Source of term: naf

372 ## - FIELD OF ACTIVITY

  • Field of activity: Filosofía
  • Field of activity: Tecnología--Filosofía
  • Source of term: lcsh

373 ## - ASSOCIATED GROUP

  • Associated group: Universidad de Viena
  • Associated group: Universidad De Montfort
  • Source of term: naf

374 ## - OCCUPATION

  • Occupation: Filósofo
  • Occupation: Profesor universitario
  • Occupation: Autor
  • Source of term: lcsh

375 ## - GENDER

  • Gender: hombre

377 ## - ASSOCIATED LANGUAGE

  • Language code: eng

400 1# - SEE FROM TRACING--PERSONAL NAME

  • Personal name: Coeckelbergh, M. J. K.
  • Dates associated with a name: 1975-

670 ## - SOURCE DATA FOUND

  • Source citation: Liberation and passion, 2002:
  • Information found: t.p. (Mark Coeckelbergh)

670 ## - SOURCE DATA FOUND

  • Source citation: The metaphysics of autonomy, 2004 :
  • Information found: CIP t.p. (Mark Coeckelbergh) data sheet (b. May 21, 1975)

670 ## - SOURCE DATA FOUND

  • Source citation: Routledge web site, viewed May 9, 2019
  • Information found: (Mark Coeckelbergh is Full Professor of Philosophy (Philosophy of Media and Technology) at the University of Vienna and part-time Professor of Technology and Social Responsibility at De Montfort University, UK; PhD in philosophy from the University of Birmingham)

670 ## - SOURCE DATA FOUND

  • Source citation: Wikipedia, viewed Feb. 6, 2020
  • Information found: (Mark Coeckelbergh, born 1975 in Leuven, Belgium; philosopher of technology and professor of philosophy of media and technology at the Department of Philosophy of the University of Vienna; has lived and worked in Belgium, the UK, the Netherlands before moving to Austria)
  • Uniform Resource Identifier: https://en.wikipedia.org/wiki/Mark_Coeckelbergh

670 ## - SOURCE DATA FOUND

  • Source citation: The political philosophy of AI, 2022:
  • Information found: t.p. (Mark Coeckelbergh)

670 ## - SOURCE DATA FOUND

  • Source citation: Why AI undermines democracy and what to do about it, 2024:
  • Information found: t.p. (Mark Coeckelbergh)